[Event "?"]
[Site "?"]
[Date "????.??.??"]
[Round "?"]
[White "Koskinen, V."]
[Black "Dickhoff, R."]
[Result "1/2-1/2"]
[WhiteElo "1990"]
[BlackElo "2123"]
[PlyCount "57"]
[EventDate "2010.??.??"]
[WhiteTeam "Helsinki"]
[BlackTeam "Kgl SV  Den Haag"]

1. Nf3 Nf6 2. g3 d5 3. Bg2 c6 4. O-O Bg4 5. d3 e6 6. Nbd2 Bc5 7. b3 O-O 8. Bb2
Nbd7 9. Qe1 a5 10. a3 Qe7 11. e4 b5 12. h3 Bh5 13. g4 Bg6 14. Nh4 Bb6 15. Ndf3
dxe4 16. Nxg6 hxg6 17. dxe4 e5 18. Qe2 a4 19. b4 Rfd8 20. c4 Rab8 21. c5 Bc7
22. Rfd1 Nf8 23. Qc2 Ne8 24. Rxd8 Rxd8 25. Rd1 f6 26. Rxd8 Bxd8 27. Bf1 Bc7 28.
Bc3 Bb8 29. Bb2 1/2-1/2

[Event "?"]
[Site "?"]
[Date "????.??.??"]
[Round "?"]
[White "Lindner, J."]
[Black "Kangas, M."]
[Result "1-0"]
[WhiteElo "2174"]
[BlackElo "1935"]
[PlyCount "57"]
[EventDate "2010.??.??"]
[WhiteTeam "Kgl SV  Den Haag"]
[BlackTeam "Helsinki"]

1. f4 d6 2. Nf3 Nf6 3. Nc3 g6 4. e4 Bg7 5. Be2 O-O 6. O-O c6 7. Kh1 b5 8. a3 a5
9. d4 Bb7 10. e5 Ne8 11. Ne4 c5 12. d5 Nc7 13. c4 bxc4 14. exd6 Nxd5 15. Nxc5
Qc8 16. Nxb7 Qxb7 17. Bxc4 e6 18. f5 Qc6 19. Bxd5 exd5 20. Bf4 Nd7 21. Rc1 Qb5
22. fxg6 hxg6 23. Nd4 Qxb2 24. Nc6 Nf6 25. Be5 Qxa3 26. Ne7+ Kh7 27. Rxf6 Bxf6
28. Bxf6 Qe3 29. Rc3 1-0

[Event "?"]
[Site "?"]
[Date "????.??.??"]
[Round "?"]
[White "Saharinen, P."]
[Black "Monte, P."]
[Result "1/2-1/2"]
[WhiteElo "1857"]
[BlackElo "2102"]
[PlyCount "71"]
[EventDate "2010.??.??"]
[WhiteTeam "Helsinki"]
[BlackTeam "Kgl SV  Den Haag"]

1. d4 f5 2. Nf3 Nf6 3. g3 e6 4. Bg2 Be7 5. O-O O-O 6. c4 d6 7. Nc3 Qe8 8. b3
Bd8 9. Qc2 Nc6 10. Ba3 a5 11. Rad1 Nb4 12. Qb1 e5 13. dxe5 dxe5 14. e4 Qh5 15.
Nh4 fxe4 16. Nxe4 Nxe4 17. Qxe4 Bxh4 18. gxh4 c6 19. Bc1 Bg4 20. f3 Bf5 21.
Qxe5 Qxh4 22. Bb2 Rf7 23. Rd4 Qe7 24. Qg3 Re8 25. Rfd1 Rf6 26. Qg5 Qc5 27. Kh1
Rg6 28. Qd2 Rge6 29. Rd8 Qe7 30. Rxe8+ Qxe8 31. Qg5 Qg6 32. Rd8+ Kf7 33. Rd7+
Kf8 34. Rd8+ Kf7 35. Rd7+ Kf8 36. Rd8+ 1/2-1/2

[Event "?"]
[Site "?"]
[Date "????.??.??"]
[Round "?"]
[White "Walther, D."]
[Black "Bennett, P."]
[Result "0-1"]
[WhiteElo "2154"]
[BlackElo "2087"]
[PlyCount "88"]
[EventDate "2010.??.??"]
[WhiteTeam "Rheno Palatinat"]
[BlackTeam "Wales"]
[BlackTeamCountry "WLS"]

1. d4 g6 2. e4 Bg7 3. Nc3 d6 4. Be3 a6 5. h3 b5 6. Nf3 Nd7 7. Qd2 c5 8. Rd1 Bb7
9. dxc5 Nxc5 10. Bd3 Rc8 11. O-O Nf6 12. Rfe1 O-O 13. Bh6 b4 14. Bxg7 Kxg7 15.
Nd5 Nxd5 16. exd5 Bxd5 17. Nh2 Nxd3 18. cxd3 a5 19. Ng4 Bxa2 20. Qh6+ Kh8 21.
Re3 f5 22. Nh2 Bd5 23. d4 Rf7 24. Rde1 Rc7 25. f4 Qg8 26. Nf3 Bxf3 27. gxf3 Qg7
28. Qxg7+ Kxg7 29. Ra1 Ra7 30. b3 Rf8 31. Rc1 Rb8 32. Kf2 Kf7 33. d5 Rb5 34.
Rd3 Rc5 35. Ra1 Rb7 36. Re1 Rc3 37. Ree3 Rbc7 38. Ke2 Rc2+ 39. Rd2 Ke8 40. h4
R7c5 41. Red3 Kd7 42. Ke3 R5c3 43. Kd4 Rxd2 44. Rxd2 Rxb3 0-1

[Event "?"]
[Site "?"]
[Date "????.??.??"]
[Round "?"]
[White "Thornton, J."]
[Black "Müller, L."]
[Result "1-0"]
[WhiteElo "2097"]
[BlackElo "2082"]
[PlyCount "95"]
[EventDate "2010.??.??"]
[WhiteTeam "Wales"]
[BlackTeam "Rheno Palatinat"]
[WhiteTeamCountry "WLS"]

1. e4 c5 2. Nf3 d6 3. d4 cxd4 4. Nxd4 Nf6 5. Nc3 g6 6. Be3 Bg7 7. f3 O-O 8. Qd2
Nc6 9. O-O-O d5 10. exd5 Nxd5 11. Nxc6 bxc6 12. Nxd5 cxd5 13. Qxd5 Qc7 14. Qc5
Qb7 15. Qa3 Bf5 16. Bd3 Rab8 17. b3 a5 18. Bxf5 gxf5 19. Qa4 Qa6 20. Rd3 Rb4
21. Qa3 Qf6 22. c3 Rc8 23. Bd2 Rbb8 24. Rd1 f4 25. Be1 Qg5 26. Kb1 Qg6 27. Qb2
a4 28. Qc2 Qe6 29. Rd5 Be5 30. Qe4 f6 31. Qxa4 Qb6 32. Qa5 Qe6 33. Rd8+ Kf7 34.
Rxc8 Rxc8 35. Qd5 Rg8 36. Qxe6+ Kxe6 37. Rd2 Bxc3 38. Re2+ Be5 39. Bc3 Kd5 40.
Bxe5 fxe5 41. Rd2+ Kc5 42. Kb2 Rg6 43. a4 Kb4 44. Re2 Rg5 45. Re4+ Kc5 46. Re2
Kd4 47. Ka3 h5 48. b4 1-0

[Event "?"]
[Site "?"]
[Date "????.??.??"]
[Round "?"]
[White "Schwertel, J."]
[Black "Taylor, R."]
[Result "1/2-1/2"]
[WhiteElo "1990"]
[BlackElo "2027"]
[PlyCount "35"]
[EventDate "2010.??.??"]
[WhiteTeam "Rheno Palatinat"]
[BlackTeam "Wales"]
[BlackTeamCountry "WLS"]

1. d4 Nf6 2. Nf3 g6 3. Bf4 Bg7 4. c3 O-O 5. e3 b6 6. Be2 Bb7 7. O-O d6 8. Nbd2
Nbd7 9. Qc2 c5 10. Rad1 Qc7 11. Rc1 Rfd8 12. Rfe1 e5 13. dxe5 dxe5 14. Bg3 Nh5
15. Nf1 Nxg3 16. Nxg3 Nf6 17. Rf1 e4 18. Nd2 1/2-1/2

[Event "?"]
[Site "?"]
[Date "????.??.??"]
[Round "?"]
[White "Dahl, I."]
[Black "Carlsten, P."]
[Result "1-0"]
[WhiteElo "1949"]
[BlackElo "2133"]
[PlyCount "77"]
[EventDate "2010.??.??"]
[WhiteTeam "Blindern Oldtimers"]
[BlackTeam "Schweden 2"]

1. Nf3 f5 2. g3 Nf6 3. Bg2 g6 4. b4 Bg7 5. Bb2 O-O 6. O-O d6 7. c4 e5 8. Qb3
Kh8 9. Nc3 c6 10. c5 e4 11. Ng5 d5 12. h4 Qe7 13. e3 Nbd7 14. Ne2 Ne5 15. Bxe5
Qxe5 16. Nf4 Qe7 17. Rac1 a6 18. d4 exd3 19. Qxd3 Ne4 20. Nf3 a5 21. a3 axb4
22. axb4 b6 23. Qc2 bxc5 24. bxc5 Ba6 25. Rfd1 Bc4 26. Nd4 Rfc8 27. Bxe4 fxe4
28. Ra1 Qxc5 29. Nfe6 Qd6 30. Rxa8 Rxa8 31. Nxg7 Kxg7 32. Qb2 Kh6 33. Qb7 Ra6
34. g4 c5 35. Kh1 cxd4 36. g5+ Kh5 37. Rg1 h6 38. Qg7 hxg5 39. Qh7# 1-0

[Event "?"]
[Site "?"]
[Date "????.??.??"]
[Round "?"]
[White "Wahlund, B."]
[Black "Lerstad, B."]
[Result "1-0"]
[WhiteElo "2095"]
[BlackElo "1825"]
[PlyCount "58"]
[EventDate "2010.??.??"]
[WhiteTeam "Schweden 2"]
[BlackTeam "Blindern Oldtimers"]

1. c4 c5 2. Nc3 Nc6 3. g3 d6 4. Bg2 Nf6 5. Nf3 e5 6. O-O Be7 7. d3 O-O 8. a3
Bg4 9. Re1 Qd7 10. Rb1 a5 11. Nd2 Ne8 12. Nd5 Bd8 13. b4 axb4 14. axb4 cxb4 15.
Nxb4 Nc7 16. Nf1 Nxb4 17. Rxb4 Rb8 18. Rxb7 Rxb7 19. Bxb7 Ne6 20. Bd5 Nc7 21.
Bg2 h6 22. Ne3 Be6 23. d4 exd4 24. Qxd4 Bf6 25. Qb6 Na8 26. Qa6 Qd8 27. Rd1 Qb6
28. Rxd6 Qb1 29. Rd1 Qb6 1-0

[Event "?"]
[Site "?"]
[Date "????.??.??"]
[Round "?"]
[White "Bergersen, P."]
[Black "Wademark, H."]
[Result "0-1"]
[WhiteElo "1490"]
[BlackElo "2083"]
[PlyCount "72"]
[EventDate "2010.??.??"]
[WhiteTeam "Blindern Oldtimers"]
[BlackTeam "Schweden 2"]

1. g3 d5 2. Nf3 c6 3. Bg2 Bf5 4. d3 Nd7 5. O-O e5 6. Nbd2 Ngf6 7. c4 Be7 8.
cxd5 cxd5 9. Qb3 b6 10. Qa4 O-O 11. b4 a5 12. bxa5 Rxa5 13. Qc2 Qa8 14. Nb3 Ra4
15. Bb2 Rc8 16. Qd2 Bd6 17. Rfc1 h6 18. Rxc8+ Qxc8 19. Qc3 Qa8 20. Nc1 Nc5 21.
Rb1 e4 22. Nh4 Bh7 23. dxe4 d4 24. Qe1 Nfxe4 25. Ra1 Qa6 26. Qd1 Ne6 27. Nf3
Bc5 28. Ne5 Qb5 29. Qb3 Rb4 30. Qf3 N6g5 31. Qa3 Rxb2 32. Qa8+ Bf8 33. h4 Qxe5
34. Nd3 Qb5 35. Nxb2 Qxb2 36. Rf1 Nd2 0-1

[Event "?"]
[Site "?"]
[Date "????.??.??"]
[Round "?"]
[White "Harzer, P."]
[Black "Weidlich, G."]
[Result "1/2-1/2"]
[WhiteElo "2136"]
[BlackElo "2198"]
[PlyCount "27"]
[EventDate "2010.??.??"]
[WhiteTeam "BSW  Berlin/DBAG"]
[BlackTeam "SV Dresden-Leuben"]

1. f4 Nf6 2. Nf3 d5 3. e3 Bg4 4. Be2 Bxf3 5. Bxf3 e6 6. O-O Bd6 7. d4 Ne4 8.
Bxe4 dxe4 9. Nd2 f5 10. Nc4 Be7 11. Ne5 O-O 12. Bd2 Nd7 13. Qe1 Nxe5 14. dxe5
1/2-1/2

[Event "?"]
[Site "?"]
[Date "????.??.??"]
[Round "?"]
[White "Bodach, H."]
[Black "Rollwitz, J."]
[Result "1-0"]
[WhiteElo "2103"]
[BlackElo "1991"]
[PlyCount "129"]
[EventDate "2010.??.??"]
[WhiteTeam "SV Dresden-Leuben"]
[BlackTeam "BSW  Berlin/DBAG"]

1. e4 d6 2. Nf3 e5 3. d4 Bg4 4. Be3 Be7 5. Nc3 c6 6. dxe5 Bxf3 7. Qxf3 dxe5 8.
Bc4 Nf6 9. Qg3 g6 10. Qxe5 Qd6 11. Qxd6 Bxd6 12. Bd4 Nbd7 13. O-O-O Be5 14. h3
Ke7 15. a4 Rhd8 16. Bxe5 Nxe5 17. Be2 Ned7 18. f4 Nc5 19. Bf3 Rxd1+ 20. Rxd1
Rd8 21. Rxd8 Kxd8 22. Kd2 Ne8 23. e5 f6 24. Ke3 Ke7 25. exf6+ Nxf6 26. a5 Kd6
27. b4 Na6 28. Na2 b6 29. axb6 axb6 30. c4 Nc7 31. Nc3 Ne6 32. Ne2 c5 33. b5 g5
34. g3 h6 35. Nc3 Nd4 36. Bd1 Nf5+ 37. Kf2 Nd4 38. Bf3 Ne6 39. fxg5 Nxg5 40.
Bg2 Ne6 41. Ke3 Nd4 42. g4 Ne6 43. Ne4+ Nxe4 44. Kxe4 Ng7 45. h4 Ke6 46. Bh3
Kd6 47. g5 hxg5 48. hxg5 Ne8 49. Kf5 Ke7 50. Ke5 Nd6 51. Kd5 Nf7 52. g6 Ng5 53.
Bf5 Kf6 54. Kc6 Nf3 55. Kxb6 Ne5 56. g7 Kxg7 57. Kxc5 Kf6 58. Bh3 Ke7 59. b6
Kd8 60. Kb5 Nf7 61. c5 Ng5 62. Bf5 Nf7 63. Ka6 Ne5 64. Kb7 Nc4 65. Ka8 1-0

[Event "?"]
[Site "?"]
[Date "????.??.??"]
[Round "?"]
[White "Fitzke, U."]
[Black "Böhm, E."]
[Result "1/2-1/2"]
[WhiteElo "2003"]
[BlackElo "2228"]
[PlyCount "103"]
[EventDate "2010.??.??"]
[WhiteTeam "BSW  Berlin/DBAG"]
[BlackTeam "SV Dresden-Leuben"]

1. d4 g6 2. c4 Bg7 3. Nc3 d6 4. Bg5 c6 5. Qd2 Qa5 6. Bh4 a6 7. e3 Nh6 8. Nf3
Bg4 9. Be2 Nf5 10. Ne4 Qxd2+ 11. Nexd2 Nd7 12. h3 Bxf3 13. Nxf3 e5 14. dxe5
Nxe5 15. Bg5 h6 16. Bf4 Nxf3+ 17. Bxf3 Bxb2 18. Rd1 Bc3+ 19. Ke2 Be5 20. Bxe5
dxe5 21. Rb1 O-O-O 22. Bg4 Kc7 23. Bxf5 gxf5 24. Rb3 Rd6 25. Rhb1 Rb8 26. a4
Rg6 27. g3 b6 28. R1b2 Rgg8 29. Kf3 c5 30. e4 Kc6 31. exf5 Rgd8 32. Ke2 Rd4 33.
Rc2 b5 34. axb5+ axb5 35. cxb5+ Rxb5 36. Re3 f6 37. f4 exf4 38. Re6+ Rd6 39.
gxf4 Kd7 40. Rd2 Rbb6 41. Ke3 h5 42. Rxf6 Rb3+ 43. Ke2 Rxd2+ 44. Kxd2 Rxh3 45.
Re6 c4 46. Re4 c3+ 47. Kc2 Rg3 48. f6 Rg6 49. Re7+ Kd6 50. Rh7 Rxf6 51. Rxh5
Rxf4 52. Kxc3 1/2-1/2

[Event "?"]
[Site "?"]
[Date "????.??.??"]
[Round "?"]
[White "Rozov, B."]
[Black "Kaiser, H."]
[Result "1-0"]
[WhiteElo "2174"]
[BlackElo "1868"]
[PlyCount "63"]
[EventDate "2010.??.??"]
[WhiteTeam "SV Dresden-Leuben"]
[BlackTeam "BSW  Berlin/DBAG"]

1. d4 Nf6 2. Nc3 g6 3. e4 d6 4. Bf4 Bg7 5. Qd2 O-O 6. O-O-O b6 7. Bh6 Bb7 8.
Bxg7 Kxg7 9. Qf4 Nbd7 10. e5 Nd5 11. Nxd5 Bxd5 12. c4 Bb7 13. h4 h6 14. Nf3 f5
15. h5 Bxf3 16. hxg6 Rh8 17. gxf3 e6 18. exd6 c6 19. Qe3 Qf6 20. f4 Rac8 21.
Bg2 a5 22. Kb1 Rhe8 23. Qh3 Rh8 24. Rde1 Nf8 25. Qe3 h5 26. Bf3 h4 27. d5 cxd5
28. cxd5 exd5 29. Qe7+ Qxe7 30. Rxe7+ Kxg6 31. Rg1+ Kf6 32. Rgg7 1-0

[Event "?"]
[Site "?"]
[Date "????.??.??"]
[Round "?"]
[White "Standal, B."]
[Black "Goy, U."]
[Result "0-1"]
[WhiteElo "1919"]
[BlackElo "2232"]
[PlyCount "67"]
[EventDate "2010.??.??"]
[WhiteTeam "Norwegen 3"]
[BlackTeam "Mattadore Rheinld"]

1. Nf3 c5 2. d3 Nc6 3. Nbd2 g6 4. g3 Bg7 5. e4 Nf6 6. Bg2 O-O 7. O-O d5 8. Re1
dxe4 9. dxe4 e5 10. c3 Qc7 11. Qe2 b6 12. Nf1 Bb7 13. Bg5 h6 14. Bxf6 Bxf6 15.
h3 Bg7 16. N1h2 Rad8 17. Rad1 Bc8 18. Rxd8 Rxd8 19. Rd1 Be6 20. Rxd8+ Qxd8 21.
b3 Qd7 22. g4 Na5 23. Qd2 Qc7 24. Bf1 c4 25. b4 Nb7 26. Ne1 Qc6 27. Bg2 Nd6 28.
f3 Nb5 29. Nc2 Qd7 30. Qxd7 Bxd7 31. Bf1 Be6 32. Ne3 Nxc3 33. Nxc4 Nxa2 34. b5
0-1

[Event "?"]
[Site "?"]
[Date "????.??.??"]
[Round "?"]
[White "Krebs, D."]
[Black "Ovesen, K."]
[Result "1/2-1/2"]
[WhiteElo "2123"]
[BlackElo "1883"]
[PlyCount "71"]
[EventDate "2010.??.??"]
[WhiteTeam "Mattadore Rheinld"]
[BlackTeam "Norwegen 3"]

1. e4 c6 2. d4 d5 3. exd5 cxd5 4. Bd3 Nf6 5. c3 e6 6. Bf4 Bd6 7. Bxd6 Qxd6 8.
Nf3 Nbd7 9. O-O O-O 10. Nbd2 a6 11. Qe2 b5 12. a4 b4 13. a5 bxc3 14. bxc3 Bb7
15. Rfb1 Qc7 16. Rb3 Rfb8 17. Ne5 Nxe5 18. dxe5 Nd7 19. Nf3 Nc5 20. Rb6 Bc8 21.
Rab1 Na4 22. Rxb8 Rxb8 23. Rxb8 Qxb8 24. Qc2 Nc5 25. Bxh7+ Kf8 26. Bd3 Qc7 27.
c4 Qxa5 28. cxd5 exd5 29. h3 Bb7 30. Kh2 Nxd3 31. Qxd3 Qc7 32. Qh7 f6 33. Qh8+
Kf7 34. Qh5+ Kf8 35. Qh8+ Kf7 36. Qh5+ 1/2-1/2

[Event "?"]
[Site "?"]
[Date "????.??.??"]
[Round "?"]
[White "Bue, G."]
[Black "Neumann, H."]
[Result "1/2-1/2"]
[WhiteElo "1879"]
[BlackElo "1982"]
[PlyCount "34"]
[EventDate "2010.??.??"]
[WhiteTeam "Norwegen 3"]
[BlackTeam "Mattadore Rheinld"]

1. d4 d5 2. c4 c6 3. Nf3 Nf6 4. e3 Bg4 5. h3 Bh5 6. Nc3 e6 7. g4 Bg6 8. Bd3
Nbd7 9. cxd5 cxd5 10. Qe2 Bb4 11. Bd2 Bxc3 12. Bxc3 Bxd3 13. Qxd3 O-O 14. Bb4
Re8 15. Rc1 Ne4 16. O-O Qf6 17. Kg2 Rac8 1/2-1/2

[Event "?"]
[Site "?"]
[Date "????.??.??"]
[Round "?"]
[White "Paulsen, E."]
[Black "Wicklund-Hansen, R."]
[Result "1-0"]
[WhiteElo "1868"]
[BlackElo "1893"]
[PlyCount "38"]
[EventDate "2010.??.??"]
[WhiteTeam "Mattadore Rheinld"]
[BlackTeam "Norwegen 3"]

1. c4 Nf6 2. g3 g6 3. Bg2 Bg7 4. Nc3 c6 5. e3 O-O 6. Nge2 d5 7. b3 e5 8. cxd5
cxd5 9. Ba3 Re8 10. O-O Be6 11. d4 Nc6 12. Rc1 a6 13. dxe5 Nxe5 14. Nd4 Qa5 15.
Bb2 Rad8 16. Na4 Ned7 17. Bc3 Qc7 18. Nxe6 fxe6 19. Bxf6 Qxc1 1-0

[Event "?"]
[Site "?"]
[Date "????.??.??"]
[Round "?"]
[White "Salov, S."]
[Black "Svensson, S."]
[Result "1/2-1/2"]
[WhiteElo "2276"]
[BlackElo "2004"]
[PlyCount "49"]
[EventDate "2010.??.??"]
[WhiteTeam "Schleswig-Holstein"]
[BlackTeam "Schweden 4"]

1. e4 e5 2. Nf3 Nc6 3. Bb5 a6 4. Ba4 Nf6 5. O-O Nxe4 6. d4 b5 7. Bb3 d5 8. dxe5
Be6 9. Nbd2 Nc5 10. c3 Be7 11. Bc2 O-O 12. Re1 d4 13. cxd4 Nxd4 14. Nxd4 Qxd4
15. Qe2 Rad8 16. Nf3 Qg4 17. b3 Kh8 18. h3 Qh5 19. Bb2 Bd5 20. Nd4 Qg5 21. Qg4
Qxg4 22. hxg4 Ne6 23. Nf5 Bc5 24. Rad1 Bb7 25. Kf1 1/2-1/2

[Event "?"]
[Site "?"]
[Date "????.??.??"]
[Round "?"]
[White "Meiwald, G."]
[Black "Wiman, K."]
[Result "1-0"]
[WhiteElo "2055"]
[BlackElo "1993"]
[PlyCount "109"]
[EventDate "2010.??.??"]
[WhiteTeam "Schleswig-Holstein"]
[BlackTeam "Schweden 4"]

1. d4 Nf6 2. Nf3 g6 3. c4 c5 4. Nc3 cxd4 5. Nxd4 Bg7 6. g3 O-O 7. Bg2 Nc6 8.
O-O a6 9. e4 Nxd4 10. Qxd4 d6 11. Qd3 Qc7 12. Bd2 Be6 13. b3 Nd7 14. Rac1 Ne5
15. Qe2 Nc6 16. Nd5 Qd8 17. Be3 Bxd5 18. cxd5 Ne5 19. Bh3 Nd7 20. Rc2 Nf6 21.
f3 Nd7 22. Rfc1 b5 23. Rc7 Nc5 24. Rc6 f5 25. b4 Nd7 26. exf5 gxf5 27. Bg5 Rf7
28. Qe6 Nf8 29. Qe3 Bb2 30. R1c2 Be5 31. Rc7 Nd7 32. Qd3 Nc5 33. R7xc5 dxc5 34.
Bxf5 Bd4+ 35. Kg2 Qxd5 36. Be4 Qxg5 37. Bxa8 Rf8 38. bxc5 Bg7 39. Qd5+ Qxd5 40.
Bxd5+ Kh8 41. Be6 Be5 42. Re2 Bc7 43. Bd7 e5 44. Rb2 Kg7 45. a4 bxa4 46. Bxa4
Rb8 47. Rxb8 Bxb8 48. Kh3 Kg6 49. Bc2+ Kg7 50. Kg4 h6 51. Kf5 Ba7 52. c6 Bb8
53. Ke6 a5 54. Kd7 Kf6 55. c7 1-0

[Event "?"]
[Site "?"]
[Date "????.??.??"]
[Round "?"]
[White "Gummesson, I."]
[Black "Böttcher, E."]
[Result "1/2-1/2"]
[WhiteElo "1863"]
[BlackElo "1733"]
[PlyCount "84"]
[EventDate "2010.??.??"]
[WhiteTeam "Schweden 4"]
[BlackTeam "Schleswig-Holstein"]

1. Nf3 d5 2. d4 e6 3. g3 c5 4. Bg2 Nc6 5. Nc3 cxd4 6. Nxd4 Nf6 7. O-O Be7 8. b3
O-O 9. Bb2 Bd7 10. Re1 Rc8 11. a3 a6 12. e3 Re8 13. Rc1 Ne5 14. h3 Bxa3 15.
Bxa3 Rxc3 16. Bb2 Rc7 17. f4 Nc6 18. g4 Bc8 19. g5 Ne4 20. h4 Ne7 21. Qd3 Nf5
22. Nxf5 exf5 23. Qd4 f6 24. Red1 Rd7 25. c4 dxc4 26. Qxc4+ Kh8 27. Rxd7 Bxd7
28. Rd1 Qe7 29. Qc7 Bc6 30. Qxe7 Rxe7 31. Rd8+ Re8 32. Rxe8+ Bxe8 33. gxf6 gxf6
34. Bxe4 fxe4 35. Bxf6+ Kg8 36. Kf2 Kf7 37. Bd8 Ke6 38. Ke2 Kf5 39. Kd2 Bf7 40.
Kc3 Kg4 41. b4 Be8 42. Kd4 Kf5 1/2-1/2

[Event "?"]
[Site "?"]
[Date "????.??.??"]
[Round "?"]
[White "Morant, P."]
[Black "Taksrud, V."]
[Result "1-0"]
[WhiteElo "2194"]
[BlackElo "2109"]
[PlyCount "63"]
[EventDate "2010.??.??"]
[WhiteTeam "TuTS"]
[BlackTeam "Norwegen 2"]

1. e4 d5 2. exd5 Nf6 3. Bb5+ Nbd7 4. c4 g6 5. Nc3 Bg7 6. d4 O-O 7. Ba4 Nb6 8.
Bb3 e6 9. dxe6 Bxe6 10. d5 Bg4 11. Nf3 Re8+ 12. Be3 Nfd7 13. h3 Bxf3 14. Qxf3
Ne5 15. Qe2 c5 16. O-O-O a6 17. Kb1 Ned7 18. Qc2 f5 19. g4 Qf6 20. gxf5 gxf5
21. Rhg1 f4 22. Bc1 Ne5 23. Ne4 Qh4 24. Nd6 Rf8 25. Nf5 Rxf5 26. Qxf5 Nf3 27.
Rg4 Qe7 28. Bc2 Nxc4 29. Qxh7+ Kf8 30. Rxf4+ Ke8 31. Bg6+ Kd8 32. Rf7 1-0

[Event "?"]
[Site "?"]
[Date "????.??.??"]
[Round "?"]
[White "Steedman, J."]
[Black "Suominen, A."]
[Result "1-0"]
[WhiteElo "2141"]
[BlackElo "1877"]
[PlyCount "60"]
[EventDate "2010.??.??"]
[WhiteTeam "Norwegen 2"]
[BlackTeam "TuTS"]

1. d4 d5 2. c4 e6 3. Nc3 Nf6 4. Bg5 Nbd7 5. e3 Be7 6. Nf3 a6 7. c5 c6 8. Bd3 b5
9. b4 a5 10. a3 a4 11. O-O Nh5 12. Bf4 Nxf4 13. exf4 Qc7 14. Ne5 Nxe5 15. fxe5
Bf8 16. f4 g6 17. g4 Bh6 18. Qf3 Qe7 19. Ra2 Bd7 20. Raf2 O-O-O 21. Kh1 Kc7 22.
Qh3 Bg7 23. f5 gxf5 24. gxf5 exf5 25. Bxf5 Bxf5 26. Rxf5 Rhf8 27. Qg3 Bh6 28.
e6+ Kc8 29. Rxf7 Rxf7 30. Rxf7 Qe8 1-0

[Event "?"]
[Site "?"]
[Date "????.??.??"]
[Round "?"]
[White "Ketonen, T."]
[Black "Kverndal, L."]
[Result "0-1"]
[WhiteElo "1914"]
[BlackElo "1974"]
[PlyCount "75"]
[EventDate "2010.??.??"]
[WhiteTeam "TuTS"]
[BlackTeam "Norwegen 2"]

1. e4 c5 2. Nf3 e6 3. d4 cxd4 4. Nxd4 Bc5 5. Nb3 Bb6 6. Nc3 Ne7 7. Bg5 f6 8.
Bh4 O-O 9. Bc4 Nbc6 10. Bg3 Ne5 11. Qe2 Nxc4 12. Qxc4 d5 13. exd5 exd5 14. Qe2
Nf5 15. O-O-O Re8 16. Qd2 Nxg3 17. hxg3 Bg4 18. Rde1 Rxe1+ 19. Rxe1 d4 20. Na4
d3 21. Nxb6 axb6 22. a3 Rc8 23. c3 Qd5 24. f3 Bf5 25. Qd1 Bg6 26. Kd2 Qg5+ 27.
Re3 Qxg3 28. Qf1 Qg5 29. Nd4 Qd5 30. f4 Be4 31. g4 g6 32. f5 gxf5 33. gxf5 Kf7
34. Qf4 Qa2 35. Qxe4 Qxb2+ 36. Kd1 Qa1+ 37. Kd2 Qxc3+ 38. Kd1 0-1

[Event "?"]
[Site "?"]
[Date "????.??.??"]
[Round "?"]
[White "Birkestrand, O."]
[Black "Almi, O."]
[Result "1-0"]
[WhiteElo "1915"]
[BlackElo "1792"]
[PlyCount "109"]
[EventDate "2010.??.??"]
[WhiteTeam "Norwegen 2"]
[BlackTeam "TuTS"]

1. e4 c5 2. c3 Nc6 3. Nf3 d6 4. d4 cxd4 5. cxd4 Nf6 6. Nc3 a6 7. d5 Nb8 8. Be2
Nbd7 9. Qa4 Rb8 10. a3 g6 11. Be3 b5 12. Qc2 Bg7 13. Ba7 Rb7 14. Be3 Ng4 15.
Bd4 Ngf6 16. O-O Rc7 17. b4 O-O 18. Rac1 Bb7 19. h3 Bh6 20. Rcd1 Qb8 21. Qb2
Rfc8 22. g4 Nxe4 23. Nxe4 Rc2 24. Qb1 Rxe2 25. g5 Bf8 26. Nc3 Re5 27. Bxe5 dxe5
28. Qb3 Rc4 29. Rfe1 Rf4 30. Ne2 Rc4 31. Nd2 Bxd5 32. Nxc4 bxc4 33. Qg3 e6 34.
Nc3 Qd6 35. Rd2 Bg7 36. Red1 Nb6 37. h4 f5 38. gxf6 Bxf6 39. Ne4 Qe7 40. Nxf6+
Qxf6 41. Re1 Nd7 42. Re3 Qf5 43. Rd1 e4 44. Qg5 Ne5 45. Qxf5 gxf5 46. f4 Nd3
47. Rexd3 exd3 48. Kf2 Be4 49. Ke3 c3 50. Rxd3 Bxd3 51. Kxd3 c2 52. Kxc2 Kf7
53. Kd3 Ke7 54. Kd4 Kd6 55. a4 1-0

[Event "?"]
[Site "?"]
[Date "????.??.??"]
[Round "?"]
[White "Perman, T."]
[Black "Lyly, S."]
[Result "1/2-1/2"]
[WhiteElo "2055"]
[BlackElo "1991"]
[PlyCount "78"]
[EventDate "2010.??.??"]
[WhiteTeam "Botnia"]
[BlackTeam "Stadi"]

1. c4 c5 2. Nc3 Nc6 3. g3 g6 4. Bg2 Bg7 5. e3 e5 6. Nge2 Nge7 7. a3 O-O 8. Rb1
a6 9. d3 Rb8 10. b4 cxb4 11. axb4 b5 12. cxb5 axb5 13. Qb3 Qb6 14. O-O Bb7 15.
Bb2 Nd8 16. Bxb7 Qxb7 17. Ne4 Ne6 18. Nc5 Nxc5 19. bxc5 Qf3 20. Nc3 h5 21. Ne4
h4 22. Qd1 Qxd1 23. Rfxd1 hxg3 24. hxg3 Rfc8 25. Rdc1 Rc6 26. Ba1 Nc8 27. f4
exf4 28. Bxg7 Kxg7 29. gxf4 Ne7 30. Kf2 Nd5 31. Nd6 b4 32. Rb3 Rh8 33. Kg3 Nxe3
34. Rxb4 Rh5 35. d4 Rd5 36. Kf3 Nf5 37. Nxf5+ gxf5 38. Re1 d6 39. cxd6 Rcxd6
1/2-1/2

[Event "?"]
[Site "?"]
[Date "????.??.??"]
[Round "?"]
[White "Laitinen, M."]
[Black "Lahti, J."]
[Result "0-1"]
[WhiteElo "1843"]
[BlackElo "2020"]
[PlyCount "82"]
[EventDate "2010.??.??"]
[WhiteTeam "Stadi"]
[BlackTeam "Botnia"]

1. d4 d5 2. c4 e6 3. Nc3 Nf6 4. Bg5 c6 5. cxd5 exd5 6. e3 Be7 7. Qc2 Nbd7 8.
Bd3 O-O 9. Nge2 Re8 10. O-O Nf8 11. f3 Ne6 12. Bh4 g6 13. Bf2 Ng7 14. e4 dxe4
15. fxe4 Ng4 16. Rad1 Bg5 17. h3 Nxf2 18. Kxf2 Be6 19. Kg1 f5 20. d5 cxd5 21.
exd5 Bf7 22. Nf4 Qd6 23. g3 Re3 24. Kh2 Bxf4 25. gxf4 Nh5 26. Qf2 Rae8 27. Bc4
a6 28. Rd3 R3e7 29. Rd4 b5 30. Be2 b4 31. Bxh5 bxc3 32. Bd1 cxb2 33. Qxb2 Rb8
34. Bb3 Rbe8 35. Rf2 Re1 36. Qd2 Kg7 37. Kg2 R8e7 38. Qb4 Qd8 39. d6 Qa8+ 40.
Rf3 R7e2+ 41. Kg3 Rg1+ 0-1

[Event "?"]
[Site "?"]
[Date "????.??.??"]
[Round "?"]
[White "Rantanen, V."]
[Black "Hall, R."]
[Result "0-1"]
[WhiteElo "2004"]
[BlackElo "1840"]
[PlyCount "86"]
[EventDate "2010.??.??"]
[WhiteTeam "Botnia"]
[BlackTeam "Stadi"]

1. e4 e6 2. d4 d5 3. Nd2 dxe4 4. Nxe4 Bd7 5. Nf3 Bc6 6. Bd3 Nd7 7. O-O Be7 8.
Qe2 Ngf6 9. Nxf6+ Bxf6 10. c3 Bxf3 11. Qxf3 c6 12. Bf4 O-O 13. Rfe1 Qb6 14.
Rab1 Rfd8 15. Qg3 Rac8 16. h4 c5 17. dxc5 Qxc5 18. Be4 Qb5 19. Bc7 Rxc7 20.
Qxc7 Nc5 21. Qf4 Nxe4 22. Qxe4 g6 23. Re3 Rd2 24. Qf4 Bg7 25. Rf3 Qd7 26. h5
Bf8 27. hxg6 Rd1+ 28. Rxd1 Qxd1+ 29. Kh2 Bd6 30. gxf7+ Kf8 31. g3 Bxf4 32. Rxf4
Qc2 33. Kg1 Qxb2 34. Rb4 Qxc3 35. Rxb7 Qe1+ 36. Kh2 Qxf2+ 37. Kh3 Qf5+ 38. Kh2
Qc2+ 39. Kh3 Qxa2 40. g4 a5 41. Kh4 Qd5 42. Ra7 Qe5 43. Rb7 a4 0-1

[Event "?"]
[Site "?"]
[Date "????.??.??"]
[Round "?"]
[White "Stähle, S."]
[Black "Runonen, R."]
[Result "1-0"]
[WhiteElo "1678"]
[BlackElo "1782"]
[PlyCount "53"]
[EventDate "2010.??.??"]
[WhiteTeam "Stadi"]
[BlackTeam "Botnia"]

1. e4 g6 2. d4 c5 3. Nf3 Bg7 4. Nc3 cxd4 5. Nxd4 a6 6. Be3 Nc6 7. Qd2 Nf6 8. f3
Qa5 9. Nb3 Qc7 10. Bh6 O-O 11. Bxg7 Kxg7 12. O-O-O d6 13. g4 Ne5 14. Be2 Be6
15. g5 Nfd7 16. Nd5 Bxd5 17. Qxd5 Rac8 18. Rd2 Nc6 19. f4 Nb6 20. Qd3 Nb4 21.
Qd4+ f6 22. Qxb4 d5 23. Nd4 Kf7 24. Bg4 Qxf4 25. Bxc8 Nc4 26. Be6+ Kg7 27. Bxd5
1-0

[Event "?"]
[Site "?"]
[Date "????.??.??"]
[Round "?"]
[White "Eichner, C."]
[Black "Kendall, P."]
[Result "0-1"]
[WhiteElo "2145"]
[BlackElo "2069"]
[PlyCount "102"]
[EventDate "2010.??.??"]
[WhiteTeam "SV TuR Dresden"]
[BlackTeam "England 2"]

1. e4 c5 2. Nf3 g6 3. d4 cxd4 4. Nxd4 Nc6 5. Nc3 Bg7 6. Be3 Nf6 7. Bc4 O-O 8.
Bb3 a5 9. f3 d6 10. Qd2 Bd7 11. h4 a4 12. Bd5 h5 13. O-O-O Qa5 14. Kb1 Rfc8 15.
a3 Ne5 16. Ba2 Nc4 17. Bxc4 Rxc4 18. Na2 Qxd2 19. Rxd2 Be8 20. Nb4 Nd7 21. Nd5
e6 22. Nb4 Nc5 23. Rhd1 Na6 24. Na2 Rac8 25. b3 R4c7 26. b4 Bf6 27. b5 Bxd4 28.
Rxd4 Bxb5 29. Rxd6 Rxc2 30. Rd8+ Kh7 31. Bg5 R2c7 32. Bf6 Nc5 33. Nc3 Be8 34.
e5 Nd7 35. Rxe8 Rxe8 36. Nb5 Rc5 37. Nd6 Nxf6 38. Nxe8 Nxe8 39. Rd8 Ng7 40. Rd7
b5 41. Rxf7 Rxe5 42. g4 Kg8 43. Rf4 Ne8 44. Kc2 Nd6 45. Kd3 Kg7 46. Kd4 Rd5+
47. Kc3 e5 48. Rb4 Kf6 49. Rb1 Rd4 50. Rf1 Rc4+ 51. Kd3 Rf4 0-1